00611nam a22002177a 4500003001100000005001700011008004100028020001500069040003900084041000800123082001300131100002000144245003100164260003800195300001800233650002100251650001100272942000700283952008800290999001500378LK-CoMWRAF20231213151253.0231213b1997 |||||||| |||| 00| 0 eng d a8174760601 aLK-CoMWRAFdLK-CoMWRAFeLK-CoMWRAF aeng a811bGIB a Gibran, Kahlil a The garden of the prophet aNew Delhi:bUBS publishers,c1997 a55 p. ; 21 cm aMysticism Poetry aPoetry cBK 00104070aMAINbMAINd2023-12-13l0o811 GIBpRAF4540r2023-12-13w2023-12-13yBK c4413d4413